La trucha: cría industrial

Uloženo v:
Podrobná bibliografie
Hlavní autor: Blanco Cachafeiro, M. Carmen (Autor)
Médium: Kniha
Jazyk:španělština
Vydáno: Madrid Mundi-Prensa 1984
Témata:
Tagy: Přidat tag
Žádné tagy, Buďte první, kdo vytvoří štítek k tomuto záznamu!

MARC

LEADER 00000nam a2200000 a 4500
001 UCV4841
003 CL-VaPUC
008 880616e19840000SP |||||||||||||||||spa|d
082 0 4 |a 639.313  |b BLA  |2 21 
100 0 |a Blanco Cachafeiro, M. Carmen  |e author  |9 299017 
245 1 3 |a La trucha: cría industrial 
300 |a 238 p 
942 |c BK 
945 |d 19880616 00:00:00 
260 |a Madrid  |b Mundi-Prensa  |c 1984 
650 7 |a TRUCHAS  |2 CL-VaPUC  |9 261157 
650 7 |a PISCICULTURA  |2 CL-VaPUC  |9 259974 
583 |a last modification  |c 19880616 00:00:00  |k Rodrigo Vera 
999 |c 211497  |d 211495 
952 |0 0  |1 0  |4 0  |6 639_313000000000000_BLA_1984  |7 0  |8 CCM  |9 190902  |a BIBCUR  |b BIBCUR  |d 2019-11-14  |i 2585707  |o 639.313 BLA 1984  |p 2585707  |r 2025-04-22  |w 2019-11-14  |y BK_R  |k CIM